| 000 | 00945nam a22002057a 4500 | ||
|---|---|---|---|
| 999 |
_c60308 _d60308 |
||
| 003 | Ge_BSU | ||
| 005 | 20230628100858.0 | ||
| 008 | 230628s1987 ge ||||| |||| 00| 0 geo d | ||
| 041 | _ageo | ||
| 080 | _a821.353.1.09(003) ა-87 | ||
| 100 |
_aასათიანი, ვალერი _919020 |
||
| 245 |
_aანტიკურობა ძველ ქართულ მწერლობაში / _cვალერი ასათიანი; რედ. პროფ. ა. ურუშაძე. |
||
| 264 |
_aთბილისი : _b თბილ. უნ-ტის გამ-ბა, _c1987. |
||
| 300 |
_a280 გვ. ; _b22 სმ. |
||
| 504 | _aბიბლიოგრ.: გვ. 269. | ||
| 520 | _aრეზ. რუს. და ინგლ. ენ. | ||
| 653 | _aძველი ქართული მწერლობა. | ||
| 700 |
_aურუშაძე, ა. _eრედაქტორი. _93915 |
||
| 942 |
_2udc _cBK |
||